Wszystkie nie wydane piosenki Chivasa - Statystyki

Ogólne statystyki
  • Ten quiz został rozwiązany 7 razy
  • Średni wynik to 7 z 22
Statystyki odpowiedzi
Odpowiedź % Poprawnych
demo
80%
przez nią chodzę do lekarzy
80%
DeadPool
40%
foxkids
40%
INNY CZŁOWIEK
40%
jej ręka znowu sięga do saszetki
40%
playstation
40%
PÓŁ ŻYCIA
40%
PUSTE SŁOWA
40%
robię muzę ale w ogóle nie tańczę
40%
TO MIAŁO BYĆ LETNIE
40%
trauma
40%
Bayblade
20%
Caravaggio
20%
kendall
20%
myspace
20%
Sport
20%
to nie dom nasz
20%
Van Gogh
20%
AK47
0%
jebana złodziejko
0%
pazurami jak wilk
0%
Nie znaleziono quizów pasujących do podanych kryteriów
Rozkład punktacji
Procent ludzi z każdym wynikiem
Percentyl według liczby udzielonych odpowiedzi
Twoja historia wyników
Nie rozwiązałeś tego quizu